01115nam a22002775i 450000100060000000300090000600500170001500700030003200800410003502000180007604000220009408000140011610000380013024500740016826001150024230000330035749000180039050400300040865000240043870000430046271000840050583000760058985200330066599900170069895201220071513045ES-MaACL20250728062553.0t|941028s1994 sp ||||0| spa j a84-7433-980-4 aM-BN bspa cM-BN a331.102.11 aCarrasco Pérez, Remigio.93556510aTeletrabajo / cRemigio Carrasco Pérez, José Mª Salinas Leandro. aMadrid : bCentro de Publicaciones, Ministerio de Obras Públicas, Transportes y Medio Ambiente, cD.L. 1994. a86 p. : bgráf. ; c24 cm.1 aMonografías aBibliografía: p. 85-86.14aTeletrabajo.9174361 aSalinas Leandro, Jose María.91019481 aEspaña. bMinisterio de Obras Públicas, Transportes y Medio Ambiente.9391500aMonografías (Centro de Estudios Benaventanos "Ledo del Pozo")9177262 aES-MaACLjL-20445 bR.123788 c13045d13045 00104070aATENEOMbATENEOMcDEPO2d2008-01-17eSCl0oL-20445p1013285r2023-02-23 00:00:00w2023-02-23yMONOGRAFIA